Back home again / Melody Carlson.
Available copies
- 3 of 3 copies available at LARL/NWRL Consortium.
- 3 of 3 copies available at Northwest Regional Library. (Show preferred library)
Current holds
0 current holds with 3 total copies.
View other formats and editions
Show Only Available Copies
| Location | Call Number / Copy Notes | Barcode | Shelving Location | Status | Due Date |
|---|---|---|---|---|---|
| Godel Memorial-Warren Library | CAR (Text) | 35500005174543 | Main | Available | - |
| Greenbush Public Library | CAR (Text) | 35500003608930 | Main | Available | - |
| Roseau Public Library | CAR (Text) | 35500005650310 | Main | Available | - |
Record details
- Physical Description: v, 231 p. ; 22 cm.
- Publisher: Carmel, N.Y. : Guideposts, c2003.
Content descriptions
| General Note: | Stories with a Christian perspective. |
Search for related items by subject
| Subject: | Sisters > Fiction. Bed and breakfast accommodations > Fiction. Pennsylvania > Fiction. |
| Genre: | Christian fiction. |
Search for related items by series
| LDR | 01294cam a2200325 a 4500 | ||
|---|---|---|---|
| 001 | 59223 | ||
| 003 | LARL_NWRL_CONSORTIUM | ||
| 005 | 20040614111406.0 | ||
| 008 | 031219s2003 nyu 000 1 eng d | ||
| 010 | . | ‡a2003277513 | |
| 035 | . | ‡a(OCoLC)52717263 | |
| 040 | . | ‡aIUI ‡cIUI ‡dDLC | |
| 042 | . | ‡alccopycat | |
| 043 | . | ‡an-us-pa | |
| 082 | 0 | 0. | ‡a813/.54 ‡222 |
| 100 | 1 | . | ‡aCarlson, Melody. ‡0(LARL_NWRL_CONSORTIUM)116338 |
| 245 | 1 | 0. | ‡aBack home again / ‡cMelody Carlson. |
| 260 | . | ‡aCarmel, N.Y. : ‡bGuideposts, ‡cc2003. | |
| 300 | . | ‡av, 231 p. ; ‡c22 cm. | |
| 440 | 0. | ‡aTales from Grace Chapel Inn ; ‡v1 | |
| 500 | . | ‡aStories with a Christian perspective. | |
| 650 | 0. | ‡aSisters ‡vFiction. ‡0(LARL_NWRL_CONSORTIUM)167281 | |
| 650 | 0. | ‡aBed and breakfast accommodations ‡vFiction. ‡0(LARL_NWRL_CONSORTIUM)163677 | |
| 651 | 0. | ‡aPennsylvania ‡vFiction. ‡0(LARL_NWRL_CONSORTIUM)166710 | |
| 655 | 7. | ‡aChristian fiction. ‡2gsafd | |
| 901 | . | ‡a59223 ‡bOCLC ‡c59223 ‡tbiblio | |

Add to basket
Permalink
Enable Highlighting